| 000 | 01510nam a2200361Ia 4500 | ||
|---|---|---|---|
| 001 | ebr10597658 | ||
| 003 | CaPaEBR | ||
| 006 | m u | ||
| 007 | cr cn||||||||| | ||
| 008 | 951012s1996 gw a sb 100 0 eng d | ||
| 010 | _z 95045840 | ||
| 020 | _z3110147912 (alk. paper) | ||
| 020 | _z9783110147919 | ||
| 020 | _z9783110893106 | ||
| 040 |
_aCaPaEBR _cCaPaEBR |
||
| 035 | _a(OCoLC)811407692 | ||
| 050 | 1 | 4 |
_aQC20.7.G76 _bG79 1996eb |
| 082 | 0 | 4 |
_a512/.55 _220 |
| 245 | 0 | 0 |
_aGroups, difference sets, and the monster _h[electronic resource] : _bproceedings of a special research quarter at the Ohio State University, spring 1993 / _ceditors K.T. Arasu ... [et. al.]. |
| 260 |
_aBerlin ; _aNew York : _bWalter de Gruyter, _c1996. |
||
| 300 |
_axiii, 461 p. : _bill. |
||
| 490 | 0 |
_aOhio State University Mathematical Research Institute publications ; _v4 |
|
| 504 | _aIncludes bibliographical references. | ||
| 533 |
_aElectronic reproduction. _bPalo Alto, Calif. : _cebrary, _d2011. _nAvailable via World Wide Web. _nAccess may be limited to ebrary affiliated libraries. |
||
| 650 | 0 |
_aFinite groups _vCongresses. |
|
| 650 | 0 |
_aDifference sets _vCongresses. |
|
| 650 | 0 |
_aNumber theory _vCongresses. |
|
| 650 | 0 |
_aMathematical physics _vCongresses. |
|
| 655 | 7 |
_aElectronic books. _2local |
|
| 700 | 1 |
_aArasu, K. T., _d1954- |
|
| 710 | 2 | _aebrary, Inc. | |
| 856 | 4 | 0 |
_uhttp://site.ebrary.com/lib/rucke/Doc?id=10597658 _zAn electronic book accessible through the World Wide Web; click to view |
| 999 |
_c109313 _d109313 |
||